Ms̀ ac,̀ o ms̀ all ̀

Bibliographic Details
Main Author: Masa̕s Nę︢z, Rodolfo
Format: eBook
Language:Spanish
Published: Bogot:̀ Universidad de Los Andes (Colombia), 2019
Subjects:
Online Access:Acceso restringido

MARC

LEADER 00000nam a22000007a 4500
005 20190521215319.0
007 cr|||| ||||
008 190521s2019 co |||||s|||| 00||0 spa d
020 |a 978-958- 774-586- 3 
035 |a 23353 
040 |a vLex 
090 |c 8793  |d 8793 
100 1 |a Masa̕s Nę︢z, Rodolfo 
245 1 0 |a Ms̀ ac,̀ o ms̀ all ̀  |h [Recurso electrn̤ico] /  |c Rodolfo Masa̕s Nę︢z 
256 |a Servicio en ln̕ea 
260 |a Bogot:̀  |b Universidad de Los Andes (Colombia),  |c 2019 
300 |a 1 recurso electrn̤ico 
506 1 |a Disponible solo en los productos indicados  |d vLex Global  |d vLex Global (Academic Edition, excluding Law Schools)  |d vLex Global (U.S. Academic Edition, Law Schools)  |d vLex Global (U.S. Academic Edition, excluding Law Schools)  |d vLex Global (Academic Edition, Law Schools) 
650 0 4 |a Ciencias sociales  |z Colombia 
740 0 |a vLex Libros (Servicio en ln̕ea) 
856 4 0 |u http://vlex.com/source/mas-aca-mas-alla-23353  |z Acceso restringido 
942 |c BOOK 
999 0 |a Social Sciences